All EATEOT (Stage 1) music - Statistics

General Stats
  • This quiz has been taken 17 times
  • The average score is 7 of 12
Answer Stats
Tracks Answer % Correct
A1 It's just a burning memory
100%
A3 Late afternoon drifting
64%
A5 Slightly bewildered
64%
A2 We don't have many days
64%
B2 An autumnal equinox
57%
A4 Childishly fresh eyes
57%
B3 Quiet internal rebellions
57%
B1 All that follows is true
50%
B5 Into each others eyes
50%
B6 My heart will stop in joy
50%
B4 The loves of my entire life
50%
A6 Things that are beautiful and transient
50%
No matching quizzes found
Score Distribution
Percent of People with Each Score
Percentile by Number Answered
Your Score History
You have not taken this quiz